Michael Keaton Movies - Statistics

General Stats
  • This quiz has been taken 46 times
    6 since last reset
  • The average score is 13 of 60
Answer Stats
Year Movie % Correct
1989 Batman
100%
1992 Batman Returns
100%
1988 Beetlejuice
67%
1986 Gung Ho
67%
1984 Johnny Dangerously
67%
1983 Mr. Mom
67%
1982 Night Shift
67%
2015 Spotlight
67%
2023 The Flash
67%
2016 The Founder
67%
2017 American Assassin
33%
2024 Beetlejuice Beetlejuice
33%
2014 Birdman
33%
2006 Cars
33%
1988 Clean and Sober
33%
1998 Desperate Measures
33%
2005 Game 6
33%
1998 Jack Frost
33%
1997 Jackie Brown
33%
1996 Multiplicity
33%
1993 My Life
33%
1991 One Good Cop
33%
1990 Pacific Heights
33%
1994 Speechless
33%
2017 Spider-Man: Homecoming
33%
1989 The Dream Team
33%
1994 The Paper
33%
2010 Toy Story 3
33%
2000 A Shot at Glory
0%
2013 Blindsided
0%
1999 Body Shots
0%
2013 Clear History
0%
2019 Dumbo
0%
2004 First Daughter
0%
2024 Goodrich
0%
2005 Herbie Fully Loaded
0%
1997 Inventing the Abbotts
0%
2023 Knox Goes Away
0%
2002 Live From Baghdad
0%
2015 Minions
0%
2022 Morbius
0%
1993 Much Ado About Nothing
0%
2014 Need For Speed
0%
2012 Noah
0%
1998 Out of Sight
0%
1992 Porco Rosso
0%
2009 Post Grad
0%
2003 Quicksand
0%
1978 Rabbit Test
0%
2014 RoboCop
0%
1988 She's Having a Baby
0%
2006 The Last Time
0%
2008 The Merry Gentleman
0%
2010 The Other Guys
0%
2021 The Protégé
0%
1987 The Squeeze
0%
2020 The Trial of the Chicago 7
0%
1986 Touch and Go
0%
2005 White Noise
0%
2020 Worth
0%
No matching quizzes found
Score Distribution
Percent of People with Each Score
Percentile by Number Answered
Your Score History
You have not taken this quiz since the last reset